Normal view MARC view
  • American Association of State Highway and Transportation Officials.

Entry Corporate Name

Number of records used in: 1

001 - CONTROL NUMBER

  • control field: 20004

003 - CONTROL NUMBER IDENTIFIER

  • control field: NUST

005 - DATE AND TIME OF LATEST TRANSACTION

  • control field: 20190905103606.0

008 - FIXED-LENGTH DATA ELEMENTS

  • fixed length control field: 190905|| aca||aabn | a|a d

040 ## - CATALOGING SOURCE

  • Original cataloging agency: NUST
  • Transcribing agency: NUST

110 ## - HEADING--CORPORATE NAME

  • Corporate name or jurisdiction name as entry element: American Association of State Highway and Transportation Officials.
  • Subordinate unit: Subcommittee on Maintenance.

670 ## - SOURCE DATA FOUND

  • Source citation: Work cat.: (NUST)0: AASHTO 20002, A Guide for methods and procedures in contract maintenance , c1914.
© 2023 Central Library, National University of Sciences and Technology. All Rights Reserved.